Every TDS Hardcore Enemy - Statistics

General Stats
  • This quiz has been taken 19 times
  • The average score is 34 of 43
Answer Stats
Answer % Correct
Abnormal
100%
Fallen
100%
Lava
100%
Balloon
90%
Circuit
90%
Fallen Guardian
90%
Fallen King
90%
Fallen Swordmaster
90%
Fallen Titan
90%
Invisible
90%
Lead
90%
Lead Balloon
90%
Lead Boss
90%
Molten Boss
90%
Quick
90%
Slow King
90%
Soul
90%
Soul Stealer
90%
Speedy King
90%
Unknown
90%
Fallen Reaper
80%
Grave Digger
80%
Hefty
80%
Mega Slow
80%
Molten Titan
80%
Mystery
80%
Mystery Boss
80%
Shadow Boss
80%
Soul Boss
80%
Void Reaver
80%
Breaker
70%
Breaker4
70%
Fallen Hero
70%
Fallen Rusher
70%
Fallen Soul
70%
Giant Boss
70%
Necromancer Boss
70%
Vindicator
70%
Breaker2
60%
Breaker3
60%
Health Cultist
60%
Error
50%
Warden
20%
No matching quizzes found
Score Distribution
Percent of People with Each Score
Percentile by Number Answered
Your Score History
You have not taken this quiz